[Event "Berlin-ch qualification"]
[Site "Berlin-Lichtenrade"]
[Date "2011.04.30"]
[Round "8.16"]
[White "Hirche, Michael"]
[Black "Von Loehneysen, Leonard"]
[Result "1-0"]
[WhiteElo "1842"]
[BlackElo "2043"]
[PlyCount "101"]
[EventDate "2011.04.23"]
[EventType "swiss"]
[EventRounds "9"]
[EventCountry "GER"]
[SourceTitle "EXT 2022"]
[Source "ChessBase"]
[SourceDate "2021.10.06"]
[SourceVersion "1"]
[SourceVersionDate "2021.10.06"]
[SourceQuality "1"]

1. e4 c5 2. Nf3 Nc6 3. d4 cxd4 4. c3 Nf6 5. Bd3 dxc3 6. Nxc3 d6 7. 0-0 e6 8. Qe2 Be7 9. Rd1 Bd7 10. e5 Nxe5 11. Nxe5 dxe5 12. Qxe5 a6 13. Qg3 Kf8 14. Be2 Qa5 15. Bf3 Bc6 16. Bxc6 bxc6 17. Bg5 Nd5 18. Ne4 Bxg5 19. Nxg5 Qd8 20. Rd4 h6 21. Rh4 Rg8 22. Ne4 Qe7 23. Rc1 g5 24. Rxh6 Nf4 25. Kf1 Qb4 26. Qa3 Qxa3 27. bxa3 Kg7 28. Rf6 Rad8 29. g3 Rd4 30. gxf4 Rxe4 31. fxg5 Rh4 32. Rxc6 Rxh2 33. Rc7 Kh8 34. Rcxf7 Rxg5 35. Rxe6 Kg8 36. Rc7 Rf5 37. Re8+ Rf8 38. Rxf8+ Kxf8 39. Rc6 Rh1+ 40. Kg2 Ra1 41. Rxa6 Rxa2 42. Ra8+ Ke7 43. a4 Kd7 44. a5 Kc7 45. a6 Kb6 46. Kg3 Ra1 47. Kg4 Rg1+ 48. Kf5 Rf1 49. f4 Rf2 50. Ke5 Kc7 51. f5 1-0

[Event "Berlin-ch qualification"]
[Site "Berlin-Lichtenrade"]
[Date "2011.04.27"]
[Round "5.18"]
[White "Von Loehneysen, Leonard"]
[Black "Stoeckel, Johannes"]
[Result "1/2-1/2"]
[WhiteElo "2043"]
[BlackElo "1577"]
[PlyCount "37"]
[EventDate "2011.04.23"]
[EventType "swiss"]
[EventRounds "9"]
[EventCountry "GER"]
[SourceTitle "EXT 2022"]
[Source "ChessBase"]
[SourceDate "2021.10.06"]
[SourceVersion "1"]
[SourceVersionDate "2021.10.06"]
[SourceQuality "1"]

1. c4 Nf6 2. g3 e6 3. Bg2 d5 4. Nf3 Be7 5. 0-0 0-0 6. Qc2 Nbd7 7. d3 b6 8. Nc3 Bb7 9. b3 c5 10. e4 d4 11. Ne2 e5 12. Nh4 Ne8 13. Nf5 Nd6 14. Nxd6 Bxd6 15. f4 f5 16. exf5 Bxg2 17. Kxg2 Rxf5 18. g4 Rf7 19. f5 1/2-1/2

[Event "Berlin Lichtenberger op 9th"]
[Site "Berlin"]
[Date "2010.08.11"]
[Round "6"]
[White "Von Loehneysen, Leonard"]
[Black "Von Herman, Ulf"]
[Result "0-1"]
[WhiteElo "2054"]
[BlackElo "2400"]
[PlyCount "78"]
[EventDate "2010.08.07"]
[EventType "swiss"]
[EventRounds "9"]
[EventCountry "GER"]
[SourceTitle "CBM 137 Extra"]
[Source "ChessBase"]
[SourceDate "2010.09.01"]
[SourceVersion "1"]
[SourceVersionDate "2010.09.01"]
[SourceQuality "1"]

1. c4 c5 2. g3 g6 3. Bg2 Nc6 4. Nc3 Bg7 5. a3 a5 6. Nf3 e5 7. d4 cxd4 8. Nb5 d6 9. e3 Bg4 10. h3 Bxf3 11. Qxf3 Nge7 12. exd4 exd4 13. 0-0 0-0 14. Bg5 Rb8 15. Qd1 Qd7 16. Bxe7 Qxe7 17. Re1 Qd7 18. Kh2 h5 19. h4 Ne5 20. Bh3 Qc6 21. Bg2 Qxc4 22. Nxd6 Qc5 23. Ne4 Qb5 24. b3 Rfd8 25. Rc1 d3 26. a4 Qb6 27. Rf1 Rd4 28. Nd2 Qb4 29. Nf3 Ng4+ 30. Kg1 Rd6 31. Rc4 Qb6 32. Bh3 Nf6 33. Rc3 Rbd8 34. Ng5 Bh6 35. Re1 d2 36. Re2 Bxg5 37. hxg5 Nh7 38. Re5 Qd4 39. Rec5 Nxg5 0-1

[Event "Berlin Kreuzberg op 11th"]
[Site "Berlin"]
[Date "2010.06.26"]
[Round "2"]
[White "Kalinitschew, Sergey"]
[Black "Von Loehneysen, Leonard"]
[Result "1-0"]
[WhiteElo "2462"]
[BlackElo "2054"]
[PlyCount "73"]
[EventDate "2010.06.26"]
[EventType "swiss"]
[EventRounds "9"]
[EventCountry "GER"]
[SourceTitle "EXT 2012"]
[Source "ChessBase"]
[SourceDate "2011.11.24"]
[SourceVersion "1"]
[SourceVersionDate "2011.11.24"]
[SourceQuality "1"]

1. d4 Nf6 2. Nc3 c5 3. d5 e6 4. e4 d6 5. Nf3 exd5 6. exd5 Be7 7. Be2 0-0 8. 0-0 a6 9. a4 b6 10. Nd2 Nbd7 11. Nc4 Rb8 12. Bf4 Qc7 13. Ne3 Ne8 14. Re1 Bf6 15. Qd2 Bxc3 16. Qxc3 Ndf6 17. Bf3 b5 18. axb5 axb5 19. b4 c4 20. g4 Qb6 21. g5 Nd7 22. Nf5 f6 23. Ne7+ Kh8 24. Nc6 Ne5 25. Bxe5 fxe5 26. Nxb8 Qxb8 27. Bg2 g6 28. Qe3 Rf7 29. f4 Rxf4 30. Qa7 Qc7 31. Qxc7 Nxc7 32. Ra7 Rf7 33. Rxe5 dxe5 34. d6 Kg7 35. Rxc7 Rxc7 36. dxc7 Kf8 37. Bc6 1-0

[Event "Berlin qualification op"]
[Site "Berlin"]
[Date "2009.04.18"]
[Round "8"]
[White "Von Loehneysen, Leonard"]
[Black "Hahlbohm, Matthias"]
[Result "0-1"]
[WhiteElo "2025"]
[BlackElo "2082"]
[PlyCount "94"]
[EventDate "2009.04.11"]
[EventType "swiss"]
[EventRounds "9"]
[EventCountry "GER"]
[SourceTitle "EXT 2012"]
[Source "ChessBase"]
[SourceDate "2011.11.24"]
[SourceVersion "1"]
[SourceVersionDate "2011.11.24"]
[SourceQuality "1"]

1. c4 c6 2. g3 d5 3. Bg2 Nf6 4. Nf3 e6 5. 0-0 Be7 6. d4 0-0 7. Nbd2 h6 8. Qc2 Nbd7 9. b3 b6 10. e4 dxe4 11. Ne5 Bb7 12. Nxe4 Nxe5 13. dxe5 Nxe4 14. Bxe4 Qc7 15. Bb2 c5 16. Rad1 Rfd8 17. f4 a6 18. Qg2 Bxe4 19. Qxe4 g6 20. g4 Rxd1 21. Rxd1 Rd8 22. Rd3 Qc8 23. Bc3 b5 24. Be1 Rd7 25. Rh3 Rd4 26. Qf3 bxc4 27. bxc4 Rxc4 28. Rxh6 Bf8 29. Rh4 Rc1 30. Qh3 Bg7 31. Qe3 Ra1 32. Qd2 c4 33. Rh3 Bf8 34. f5 Qa8 35. Kf2 Qe4 36. Re3 Qxg4 37. fxg6 fxg6 38. Rg3 Qe4 39. Re3 Qf5+ 40. Rf3 Bc5+ 41. Kg2 Qg4+ 42. Rg3 Qe4+ 43. Rf3 Rxe1 44. Qd8+ Kg7 45. Qc7+ Kh6 46. Qxc5 Re2+ 47. Kg3 Kh5 0-1

[Event "Berlin Lichtenberger op 7th"]
[Site "Berlin"]
[Date "2008.08.22"]
[Round "7"]
[White "Amelang, Thomas"]
[Black "Von Loehneysen, Leonard"]
[Result "1-0"]
[WhiteElo "2176"]
[BlackElo "1995"]
[PlyCount "81"]
[EventDate "2008.08.16"]
[EventType "swiss"]
[EventRounds "9"]
[EventCountry "GER"]
[SourceTitle "CBM 126 Extra"]
[Source "ChessBase"]
[SourceDate "2008.11.05"]
[SourceVersion "1"]
[SourceVersionDate "2008.11.05"]
[SourceQuality "1"]

1. e4 c5 2. Nc3 Nc6 3. g3 g6 4. Bg2 Bg7 5. d3 d6 6. Be3 Rb8 7. Qd2 b5 8. f4 b4 9. Nd1 Qb6 10. h3 e6 11. Nf3 Nge7 12. 0-0 0-0 13. Qf2 Nd4 14. Nd2 d5 15. c3 Ba6 16. f5 gxf5 17. exf5 Ndxf5 18. Bxc5 Qc7 19. g4 Nd6 20. cxb4 Bxd3 21. Qg3 Bxf1 22. Bxd6 Qb6+ 23. Kxf1 Rb7 24. Bc5 Qb5+ 25. Ke1 a5 26. Bf1 Qc6 27. Bd3 Bf6 28. Rc1 Ng6 29. b5 Rxb5 30. Bxb5 Qxb5 31. Qb3 Bh4+ 32. Nf2 Rb8 33. Qxb5 Rxb5 34. Nf3 Bf6 35. b3 e5 36. Be3 Kg7 37. g5 Be7 38. Ng4 d4 39. Nxd4 exd4 40. Bxd4+ Kg8 41. Rc8+ 1-0

[Event "Berlin Lichtenberger op 7th"]
[Site "Berlin"]
[Date "2008.08.19"]
[Round "4"]
[White "Von Loehneysen, Leonard"]
[Black "Schatz, Dieter"]
[Result "1/2-1/2"]
[WhiteElo "1995"]
[BlackElo "2216"]
[PlyCount "45"]
[EventDate "2008.08.16"]
[EventType "swiss"]
[EventRounds "9"]
[EventCountry "GER"]
[SourceTitle "CBM 126 Extra"]
[Source "ChessBase"]
[SourceDate "2008.11.05"]
[SourceVersion "1"]
[SourceVersionDate "2008.11.05"]
[SourceQuality "1"]

1. c4 e5 2. g3 Nc6 3. Bg2 g6 4. Nc3 Bg7 5. e4 d6 6. Nge2 Be6 7. d3 Qd7 8. Nd5 Nd8 9. 0-0 c6 10. Ne3 Nf6 11. f4 Bh3 12. f5 Bxg2 13. Kxg2 d5 14. cxd5 cxd5 15. exd5 Nxd5 16. d4 Nc6 17. dxe5 Nxe3+ 18. Bxe3 Qxd1 19. Raxd1 Bxe5 20. b3 f6 21. Nf4 gxf5 22. Ne6 Kf7 23. Nc5 1/2-1/2

[Event "Zehlendorf op"]
[Site "Berlin"]
[Date "2007.10.25"]
[Round "2"]
[White "Reichenbach, Werner"]
[Black "Von Loehneysen, Leonard"]
[Result "1-0"]
[WhiteElo "2228"]
[BlackElo "1925"]
[PlyCount "45"]
[EventDate "2007.10.11"]
[EventType "swiss"]
[EventRounds "7"]
[EventCountry "GER"]
[SourceTitle "EXT 2010"]
[Source "ChessBase"]
[SourceDate "2010.11.25"]
[SourceVersion "1"]
[SourceVersionDate "2010.11.25"]
[SourceQuality "1"]

1. e4 c5 2. Nf3 Nc6 3. Bb5 g6 4. 0-0 Bg7 5. Re1 Nf6 6. e5 Nd5 7. Nc3 Nc7 8. Bxc6 dxc6 9. Ne4 Ne6 10. d3 0-0 11. h3 b6 12. c3 Ba6 13. c4 Nd4 14. Bf4 Nxf3+ 15. Qxf3 Qd4 16. Nc3 Rad8 17. Rad1 Bc8 18. Re4 Qd7 19. Qe3 f5 20. exf6 Bxf6 21. Be5 Qf5 22. Bxf6 exf6 23. Re1 1-0

[Event "Berlin-ch"]
[Site "Berlin"]
[Date "2007.04.11"]
[Round "6"]
[White "Von Loehneysen, Leonard"]
[Black "Kachibadze, Georg"]
[Result "0-1"]
[WhiteElo "2052"]
[BlackElo "2021"]
[PlyCount "40"]
[EventDate "2007.04.06"]
[EventType "swiss"]
[EventRounds "9"]
[EventCountry "GER"]
[SourceTitle "CBM 117 Extra"]
[Source "ChessBase"]
[SourceDate "2007.05.09"]
[SourceVersion "1"]
[SourceVersionDate "2007.05.09"]
[SourceQuality "1"]

1. c4 e6 2. Nc3 d5 3. cxd5 exd5 4. d4 Nf6 5. Bg5 Be7 6. e3 0-0 7. Bd3 Nbd7 8. Nf3 Re8 9. 0-0 Nf8 10. Qc2 c6 11. h3 Bd6 12. Rab1 a5 13. a3 Ng6 14. Na4 h6 15. Bxf6 Qxf6 16. Nb6 Bxh3 17. Nxa8 Bxg2 18. Kxg2 Nh4+ 19. Nxh4 Qg5+ 20. Kh3 Rxe3+ 0-1

[Event "Berlin op 09"]
[Site "Berlin"]
[Date "2006.10.08"]
[Round "9"]
[White "Gebigke, Martin"]
[Black "Von Loehneysen, Leonard"]
[Result "1-0"]
[WhiteElo "2196"]
[BlackElo "2033"]
[PlyCount "127"]
[EventDate "2006.09.30"]
[EventType "swiss"]
[EventRounds "9"]
[EventCountry "GER"]
[SourceTitle "EXT 2007"]
[Source "ChessBase"]
[SourceDate "2006.11.23"]
[SourceVersion "1"]
[SourceVersionDate "2006.11.23"]
[SourceQuality "1"]

1. e4 c5 2. Nc3 Nc6 3. g3 e5 4. Bg2 g6 5. d3 Bg7 6. Be3 d6 7. Qd2 Be6 8. Nd5 Bxd5 9. exd5 Nce7 10. Ne2 h5 11. f4 Nf5 12. Bf2 Ngh6 13. h3 Qe7 14. 0-0-0 0-0-0 15. Qa5 Kb8 16. Rhe1 Nd4 17. Nxd4 cxd4 18. Bxd4 b6 19. Qb5 Nf5 20. Bf2 Qc7 21. Re4 Nd4 22. Bxd4 exd4 23. Rde1 Rc8 24. R1e2 Bf6 25. h4 Qc5 26. Qa6 Qa5 27. Qxa5 bxa5 28. Bh3 Rcd8 29. a4 Kb7 30. Re1 Kb6 31. Kd2 Kc5 32. c3 Rb8 33. Kc2 Rb7 34. Re8 Rxe8 35. Rxe8 Rc7 36. Bg2 dxc3 37. bxc3 Kb6 38. Rb8+ Rb7 39. Re8 Rc7 40. Rb8+ Rb7 41. Rxb7+ Kxb7 42. d4 Kc7 43. Bf1 Be7 44. Bb5 Kd8 45. Bd3 Ke8 46. Kb3 Bd8 47. Kc4 Kd7 48. Kb5 f5 49. Ka6 Bb6 50. Kb7 Ke7 51. Kc6 Bd8 52. Ba6 Bb6 53. Bc8 Kd8 54. Be6 Ke7 55. Bd7 Bd8 56. Bc8 Bb6 57. Bb7 Bd8 58. c4 Bb6 59. c5 dxc5 60. dxc5 Bd8 61. d6+ Ke6 62. Bc8+ Kf7 63. Kd7 Bf6 64. Ba6 1-0

[Event "Berlin Lichtenberger op 5th"]
[Site "Berlin"]
[Date "2006.08.23"]
[Round "5"]
[White "Von Loehneysen, Leonard"]
[Black "Rolle, Eric"]
[Result "0-1"]
[WhiteElo "2033"]
[BlackElo "2184"]
[PlyCount "112"]
[EventDate "2006.08.19"]
[EventType "swiss"]
[EventRounds "9"]
[EventCountry "GER"]
[SourceTitle "CBM 113 Extra"]
[Source "ChessBase"]
[SourceDate "2006.09.14"]
[SourceVersion "1"]
[SourceVersionDate "2006.09.14"]
[SourceQuality "1"]

1. c4 g6 2. Nc3 Bg7 3. g3 e5 4. e4 Ne7 5. Bg2 Nbc6 6. Nge2 d6 7. 0-0 Bg4 8. h3 Be6 9. d3 Qd7 10. Kh2 0-0 11. f4 f5 12. Nd5 Rab8 13. Rb1 a6 14. b3 Nd4 15. Nxd4 exd4 16. Nxe7+ Qxe7 17. exf5 Bxf5 18. Re1 Qf6 19. Rb2 c6 20. Rbe2 Bd7 21. Re7 Rf7 22. R7e2 Bf8 23. Bb2 Kh8 24. Re4 c5 25. R4e2 h5 26. Bc1 Qf5 27. b4 cxb4 28. Bb2 Bg7 29. Re4 d5 30. cxd5 Kh7 31. Bxd4 Qxd5 32. Bxg7 Rxg7 33. Rxb4 Qxa2 34. Re2 Qa3 35. Rb6 Bf5 36. Be4 Qc5 37. Reb2 Rd8 38. Qf3 Bxe4 39. dxe4 Rdd7 40. e5 Qc4 41. Qe2 Qd5 42. Qg2 Qd4 43. R6b4 Qa7 44. Rb6 Qa8 45. Qe4 Qc8 46. f5 gxf5 47. Qxf5+ Kg8 48. Qxh5 Qc3 49. g4 Rd2+ 50. Rxd2 Qxd2+ 51. Kh1 Qe2 52. Kg1 Qe3+ 53. Kg2 Qxb6 54. Qe8+ Kh7 55. Qh5+ Qh6 56. Qf5+ Qg6 0-1

[Event "Berlin op 07"]
[Site "Berlin"]
[Date "2006.07.13"]
[Round "6"]
[White "Von Loehneysen, Leonard"]
[Black "Kohler, Thomas"]
[Result "0-1"]
[WhiteElo "2033"]
[BlackElo "2245"]
[PlyCount "52"]
[EventDate "2006.07.08"]
[EventType "swiss"]
[EventRounds "9"]
[EventCountry "GER"]
[SourceTitle "CBM 113 Extra"]
[Source "ChessBase"]
[SourceDate "2006.09.14"]
[SourceVersion "1"]
[SourceVersionDate "2006.09.14"]
[SourceQuality "1"]

1. c4 e5 2. Nc3 Nc6 3. Nf3 f5 4. d4 e4 5. Ng5 Bb4 6. h4 Bxc3+ 7. bxc3 Nf6 8. c5 h6 9. Nh3 0-0 10. Nf4 d5 11. cxd6 cxd6 12. e3 Rf7 13. c4 b6 14. Bd2 Rb8 15. Be2 Rbb7 16. h5 Rbc7 17. 0-0 Ne7 18. a4 g5 19. hxg6 Rg7 20. a5 Nxg6 21. Nxg6 Rxg6 22. axb6 Rxg2+ 23. Kxg2 Rg7+ 24. Kh2 Nh7 25. Kh3 Ng5+ 26. Kh2 Nf3+ 0-1